| 000 | 03391nam a22003257a 4500 | ||
|---|---|---|---|
| 001 | TZ 0033 | ||
| 003 | gtcocun | ||
| 005 | 20251007173821.0 | ||
| 006 | a||||gr|||| 00| 0 | ||
| 007 | ta | ||
| 008 | 251007b2007 gt ||||| m||| 00| 0 eng d | ||
| 040 |
_agtcocun _bSPA _cgtcocun _eRDA |
||
| 041 | _aSPA TZ 0033 | ||
| 084 | _0TZ 0033 | ||
| 100 |
_aLigorria, Fernando Benjamín _eAutor |
||
| 245 |
_aINFORME DEL EJERCICIO PROFESIONAL SUPERVISADO REALIZADO EN LA ASOCIACIÓN DE MINISTROS EVANGELICOS DEL NAZARENO – AMEN – E INVESTIGACION INFERENCIAL REALIZADA EN LA ZONA SANTA ISABEL, SAN LUIS, PETEN./ _cFernando Benjamín Ligorria. _hImpreso |
||
| 264 |
_aCobán, Alta Verapaz: _bUniversidad de San Carlos de Guatemala, Centro Universitario del Norte, Zootecnia _c2007 |
||
| 300 |
_a48 p.: _bIlustraciones, gráficas. _c28 cm; |
||
| 336 |
_2rdacontenido _aTexto _btxt |
||
| 337 |
_2rdamedio _aComputadora _bn |
||
| 338 |
_2rdasoporte _aCódigo en línea _bcr |
||
| 502 | _eTZ 0033 | ||
| 502 |
_aTesis de grado _bZootecnia, _cUniversidad de San Carlos de Guatemala, Centro Universitario del Norte, Zootecnia _d2007 _oTZ 0033 |
||
| 520 | 1 | 4 | _aLa Asociación de Ministros Evangélicos del Nazareno (AMEN) es una asociación que persigue el desarrollo de las comunidades. Dentro del plan de trabajo 2005-2006 se ejecutaron acciones que permitieron el logro de los objetivos trazados, de los cuales el EPS, tuvo actividades asignadas como: Participación en capacitaciones para formación de promotores agropecuarios. Compra de aves de postura. Asistencia técnica a grupos comunitarios en proyectos de granos básicos. Perforación de pozos de agua. Entrega de molinos de nixtamal. Legalización de comités de mujeres a nivel municipal. Perfilación de proyectos productivos. Se realizó una investigación inferencial sobre el impacto de los proyectos ejecutados durante el periodo 2003 – 2006 con lo cual se proporciona información básica para tomar nuevas determinaciones. Estas actividades fueron desarrolladas en el Distrito Nazareno del municipio de Fray Bartolomé de las Casas, en la zona denominada Santa Isabel, de los municipios de San Luís, Sayaxche del departamento de Petén y los municipios de Fray Bartolomé de las Casas, Chisec y Chahal del departamento de Alta Verapaz; Entre los resultados más importantes se pueden mencionar: La formación de dos grupos de promotores agropecuarios, la dotación de 425 aves de postura a 31 familias beneficiarias, la gestión de 2,100 hectáreas de maíz para la segunda siembra en el año 2006, la construcción de cinco pozos de agua potable, la dotación de cinco molinos de nixtamal a grupos de mujeres beneficiarias, la legalización de cinco grupos de mujeres en comités, ante las municipalidades de San Luis Peten y Chisec A. V.; la perfilación de cinco proyectos, cuatro pecuarios uno de estufas mejoradas y la ejecución de la investigación del impacto de los proyectos de la asociación. |
| 650 | 1 | 4 |
_2LEMB _aSan Luis Peten. _xZootecnia _xMinistros _xAsistencia técnica _xPerforación de pozos _xLegalización _xPerfilación |
| 700 |
_aLic. Zoot. Erwin Fernando Monterroso Trujillo _eAsesor |
||
| 856 |
_uhttps://drive.google.com/file/d/1yEAM2psDvy0TLDuH9HxPZLeQTMqouqQ_/view _yPDF _zUn ejemplar en línea. |
||
| 942 |
_2ddc _cTES _iTZ 0033 _kClasificación _n0 _6TZ_0033_000000000000000 |
||
| 999 |
_c2273 _d2273 |
||